Refugee policy challenges: the case of nicaraguans in Costa Rica

Na minha lista:
Detalhes bibliográficos
Autor principal: Ramírez, Mario
Autor Corporativo: Center for Inmigration Policy and Refugee Assistance
Formato: Texto
Publicado em: Washington, D.C.: Georgetown
Tags: Adicionar Tag
Sem tags, seja o primeiro a adicionar uma tag!

MARC

LEADER 00000 a a2200000 04500
001 21198
003
040
090 |a 092300  
100 |a Ramírez, Mario  
110 |a Center for Inmigration Policy and Refugee Assistance  
245 |a Refugee policy challenges: the case of nicaraguans in Costa Rica  
260 |a Washington, D.C.:   |b Georgetown  
300 |a 58 p.  
999 |c 10061  |d 10061